| 000 | 01626nam a22001577a 4500 | ||
|---|---|---|---|
| 999 |
_c513855 _d513855 |
||
| 008 | 200911b ||||| |||| 00| 0 eng d | ||
| 100 |
_aCoen, David and Vannoni, Matia _917648 |
||
| 245 | _aWhere are the revolving doors in Brussels: sector switching and career progression in EU business–government affairs | ||
| 260 | _aThe American Review of Public Administration | ||
| 300 | _a50(1), Jan 2020. p. 3-17 | ||
| 520 | _aBy applying event history analysis to a unique large sample of more than 300 government affairs managers working for companies active in the European Union (EU), this article investigates whether managers with work experience in the public or nonprofit sector are more likely to progress in their career in their current company and whether career progression depends on when that experience takes place. The findings suggest that managers with experience in the public and nonprofit sector are less likely to progress in their careers. This effect becomes stronger when the stage of the career at which the manager had experience in the public sector is taken into consideration. These findings are contrary to the expectations from the public and private management literature and suggest that we should see less revolving door activity in Brussels. We propose that these findings are driven by the distinct EU public policy process and the variance in individual and organizational incentives in the EU public sector. - Reproduced | ||
| 650 |
_aCareer, Government Affairs, Lobbying _917645 |
||
| 773 | _aThe American Review of Public Administration | ||
| 906 | _aEUROPEAN UNION | ||
| 942 | _cAR | ||